000 00557nam a22001932 4500
001 0000009791
005 20151217160122.0
008 081130s xx 000 0 eng d
020 _a0064431525 :
040 _aKABU
_cKABU
100 1 _aMcNulty, Faith.
_@0000011938
245 1 4 _aThe Lady and the spider /
_cFaith McNulty; illustrated by Bob Marshall.
250 _a1st ed.
260 _aLondon :
_bHarper & Row,
_c1986.
300 _a[44] p.
852 1 _9p100 KES
908 _a081130
950 _@1
999 _c14553
_d14553